Study on cannin pavovirus of dog at agrovet clinic phnom penh, ការសិក្សាលើជំងឺរាកឈាមសុនខនៅគ្លីនិក AGROVET ភ្នំពេញ (Record no. 8784)
[ view plain ]
| 000 -LEADER | |
|---|---|
| fixed length control field | 00590nam a22001577a 4500 |
| 003 - CONTROL NUMBER IDENTIFIER | |
| control field | OSt |
| 005 - DATE AND TIME OF LATEST TRANSACTION | |
| control field | 20160815140554.0 |
| 008 - FIXED-LENGTH DATA ELEMENTS--GENERAL INFORMATION | |
| fixed length control field | 160815b xxu||||| |||| 00| 0 eng d |
| 040 ## - CATALOGING SOURCE | |
| Transcribing agency | RUA |
| 082 ## - DEWEY DECIMAL CLASSIFICATION NUMBER | |
| Classification number | AVM LOU 2015 B507 Or.1 |
| 100 ## - MAIN ENTRY--PERSONAL NAME | |
| 9 (RLIN) | 9105 |
| Personal name | LOUGH MONICH, ឡូញ មោនិច្ច |
| 245 ## - TITLE STATEMENT | |
| Title | Study on cannin pavovirus of dog at agrovet clinic phnom penh, ការសិក្សាលើជំងឺរាកឈាមសុនខនៅគ្លីនិក AGROVET ភ្នំពេញ |
| 260 ## - PUBLICATION, DISTRIBUTION, ETC. (IMPRINT) | |
| Place of publication, distribution, etc. | Phnom Penh |
| Name of publisher, distributor, etc. | RUA |
| Date of publication, distribution, etc. | 2015 |
| 300 ## - PHYSICAL DESCRIPTION | |
| Extent | x; 44p. |
| Other physical details | ill. |
| Dimensions | 29cm. |
| 942 ## - ADDED ENTRY ELEMENTS (KOHA) | |
| Source of classification or shelving scheme | |
| Koha item type | AVM |
| Price effective from | Date last seen | Permanent Location | Not for loan | Date acquired | Source of classification or shelving scheme | Koha item type | Lost status | Withdrawn status | Total Renewals | Date last checked out | Total Checkouts | Shelving location | Damaged status | Barcode | Current Location | Full call number |
|---|---|---|---|---|---|---|---|---|---|---|---|---|---|---|---|---|
| 2016-08-15 | 2025-08-19 | Library Block B | 2016-08-15 | AVM | 2024-11-27 | 2 | B507 | RUA060477 | Library Block B | AVM LOU 2015 B507 Or.1 | ||||||
| 2016-08-15 | 2022-02-04 | Library Block B | 2016-08-15 | AVM | 2022-01-24 | 7 | B507 | RUA062299 | Library Block B | AVM LOU 2015 B507 Or.2 | ||||||
| 2016-08-15 | 2019-10-22 | Library Block B | 2016-08-15 | AVM | 2019-10-09 | 1 | B507 | RUA062552 | Library Block B | AVM LOU 2015 B507 Or.3 | ||||||
| 2016-08-15 | 2021-11-05 | Library Block B | 2016-08-15 | AVM | 2021-07-30 | 6 | B507 | RUA061883 | Library Block B | AVM LOU 2015 B507 Or.4 | ||||||
| 2016-08-15 | 2023-09-15 | Library Block B | 2016-08-15 | AVM | 1 | 2023-08-23 | 5 | B507 | RUA060725 | Library Block B | AVM LOU 2015 B507 Or.5 | |||||
| 2016-08-15 | 2016-08-15 | Library Block B | 2016-08-15 | AVM | B507 | RUA060601 | Library Block B | AVM LOU 2015 B507 Or.6 | ||||||||
| 2016-08-15 | 2016-08-15 | Library Block B | 2016-08-15 | AVM | B507 | RUA061839 | Library Block B | AVM LOU 2015 B507 Or.7 | ||||||||
| 2016-08-15 | 2018-08-10 | Library Block B | 2016-08-15 | AVM | 2018-08-01 | 2 | B507 | RUA061639 | Library Block B | AVM LOU 2015 B507 Or.8 | ||||||
| 2021-11-12 | 2023-08-07 | Library Block B | 2021-11-12 | AVM | 2023-07-19 | 1 | B692 | A066935 | Library Block B | AVM LOU 2015 B692 Or.1 | ||||||
| 2021-11-15 | 2024-01-25 | Library Block B | 2021-11-15 | AVM | 2022-10-25 | 6 | B692 | A066783 | Library Block B | AVM LOU 2015 B692 Or.1 |